La bastarda della Carolina /
Saved in:
| 主要作者: | |
|---|---|
| 其他作者: | |
| 格式: | 图书 |
| 语言: | 意大利语 |
| 出版: |
Roma :
Minimum fax,
2018
|
| 丛编: | Sotterranei ;
205 |
| 标签: |
没有标签, 成为第一个标记此记录!
|
MARC
| LEADER | 00000nam a2200000 i 4500 | ||
|---|---|---|---|
| 001 | IT\ICCU\UBO\4299810 | ||
| 003 | ItRI | ||
| 005 | 20260115232142.0 | ||
| 008 | 180223s2018 it |||||| ||||| |||||c | ||
| 015 | |2 IT |a 2018-3012 | ||
| 020 | |a 9788875219017 | ||
| 040 | |b ita |c importazione bologna sebina | ||
| 041 | 7 | |a ita |2 ISO-639-2 | |
| 082 | |a 813.6 |9 NARRATIVA AMERICANA IN LINGUA INGLESE, 2000- |2 23 | ||
| 100 | 1 | |a Allison, Dorothy |0 IT\ICCU\MODV\305388 | |
| 240 | 1 | 0 | |a Bastard out of Carolina |3 IT\ICCU\UBO\4299811 |9 Allison, Dorothy |
| 245 | 1 | 3 | |a La bastarda della Carolina / |c Dorothy Allison ; traduzione di Sara Bilotti. |
| 260 | |a Roma : |b Minimum fax, |c 2018 | ||
| 300 | |a 400 p. ; |c 21 cm. | ||
| 700 | 1 | |a Bilotti, Sara |0 IT\ICCU\RMSV\971861 | |
| 830 | 0 | |a Sotterranei ; |v 205 |0 IT\ICCU\RML\0168810 | |
| 942 | |2 ddc |c BK |n 0 | ||
| 952 | |0 0 |1 0 |4 0 |6 L_813_600000000000000_ALL |7 0 |9 20947 |a BO |b BO |d 2026-01-15 |i 19514 |l 0 |o L 813.6 ALL |p BO19514 |r 2026-01-15 23:21:42 |w 2026-01-15 |x [Sebina 5] [1 v.] |y BK |z 1 v. | ||
| 999 | |c 17894 |d 17894 | ||